| 000 | 00853nam a2200241 i 4500 | ||
|---|---|---|---|
| 001 | bg | ||
| 100 | 1 | _aPARTEKA, Tomasz | |
| 245 | 0 | 0 |
_aPlanowanie strategiczne w równoważeniu struktur regionalnych / _cTomasz Parteka ; Polska Akademia Nauk. Komitet Przestrzennego Zagospodarowania Kraju. |
| 260 |
_aWarszawa : _bWydaw. Naukowe PWN, _c2000. |
||
| 300 |
_a265, [1] s. : _bpl., rys., wykr. ; _c24 cm. |
||
| 490 | 1 |
_aStudia, _x0079-3507 ; _vt.108 |
|
| 504 | _aBibliogr. s. 255-262. | ||
| 650 | 9 |
_aPlanowanie regionalne _zPolska _yod 1989 r. |
|
| 710 | 0 |
_aPolska Akademia Nauk _bKomitet Przestrzennego Zagospodarowania Kraju |
|
| 830 |
_aStudia, _x0079-3507 ; |
||
| 020 | _a8301132841 | ||
| 040 | _cBPK | ||
| 041 | 0 | _apl | |
| 080 | _a332.1:711(438)"1989/..." | ||
| 920 | _a83-01-13284-1 | ||
| 942 | _cKS | ||
| 008 | s pl f |000 0 pol | ||
| 999 |
_c39130 _d39130 |
||
| 856 |
_uhttp://koha.tu.koszalin.pl/cgi-bin/koha/opac-detail.pl?biblionumber=39130 _yKatalog online BPK |
||